| 000 | 01234nmm a2200337 a 4500 | ||
|---|---|---|---|
| 001 | ocm000587272 | ||
| 003 | TR-IsHL | ||
| 005 | 20201028120844.0 | ||
| 008 | 130627s2008 tu tur | ||
| 007 | cr cn | ||
| 020 | _a9789944605304 | ||
| 035 |
_a587272 _b(N$T) |
||
| 050 | 0 | 4 |
_aHD9502.T92 _bS87 2008 |
| 090 | 0 | 4 |
_aHD9502.T92 _bS87 2008 |
| 245 | 1 | 0 |
_aSürdürülebilir kalkınma, yenilenebilir enerji kaynakları ve hidrojen enerjisi: Türkiye değerlendirmesi _h[electronic resource] / _chaz. Mithat Zeki Dinçer, Özgür Aslan |
| 250 | _a1. bs. | ||
| 260 |
_aİstanbul : _bİstanbul Ticaret Odası, _c2008 |
||
| 300 | _a182 p. | ||
| 650 | 4 | _aEkonomi ve Finans | |
| 650 | 4 | _aEconomics and Finance | |
| 650 | 0 |
_aSürdürülebilir kalkınma _x Türkiye |
|
| 650 | 0 |
_aSustainable development _x Turkey |
|
| 650 | 0 |
_aEnerji koruma _x Türkiye |
|
| 650 | 0 |
_aEnergy conservation _x Turkey |
|
| 650 | 0 |
_aEnerji tüketimi _x Türkiye |
|
| 650 | 0 |
_aEnergy consumption _x Turkey |
|
| 650 | 7 |
_aBUSINESS & ECONOMICS / Industries / Energy _2bisacsh |
|
| 700 | 1 | _aDinçer, Mithat Zeki | |
| 700 | 1 | _aAslan, Özgür | |
| 856 | 4 | 0 | _uhttp://search.ebscohost.com/login.aspx?direct=true&scope=site&db=e011xww&AN=587272 |
| 999 |
_c1010 _d1010 |
||